[Event "Russian Championship B13 2016"]
[Site "Loo"]
[Date "2016.04.22"]
[Round "3.14"]
[White "Ter-Saakian, Grigorii"]
[Black "Radochin, Oleg"]
[Result "1-0"]
[WhiteElo "1921"]
[BlackElo "1729"]
[PlyCount "143"]
[EventDate "2016.04.20"]

1. d4 d5 2. c4 e6 3. Nf3 Nf6 4. g3 Bb4+ 5. Bd2 Be7 6. Bg2 O-O 7. O-O c6 8. Qc2
b6 9. b3 Bb7 10. Nc3 Nbd7 11. cxd5 cxd5 12. Qb2 Rc8 13. Rac1 a6 14. Bf4 Bb4 15.
a3 Be7 16. Rc2 b5 17. Rfc1 Qa5 18. a4 b4 19. Nb1 Qb6 20. Nbd2 Rxc2 21. Rxc2 Ne4
22. Nxe4 dxe4 23. Nd2 Nf6 24. Nc4 Qd8 25. Ne5 Ba8 26. h3 Nd5 27. Bd2 f5 28. e3
Qd6 29. Bf1 Bf6 30. Nc4 Qd8 31. a5 g5 32. Qc1 Bb7 33. Qe1 Be7 34. Ne5 Qxa5 35.
Nc6 Bxc6 36. Rxc6 Kf7 37. Rxa6 Qc7 38. Bc4 Rb8 39. Qe2 Rb6 40. Ra1 Kg6 41. g4
Qd6 42. Ra5 Nc7 43. Bxe6 Nxe6 44. gxf5+ Kf6 45. fxe6 Qxe6 46. Qh5 Kg7 47. Ra7
Ra6 48. Qxg5+ Kf7 49. Qf4+ Ke8 50. Rxa6 Qxa6 51. Qb8+ Kf7 52. Bxb4 Qg6+ 53. Kh1
Qh5 54. Qf4+ Bf6 55. Qc7+ Kg6 56. Qg3+ Kf7 57. Kh2 Qb5 58. Bc5 Qxb3 59. Qc7+
Kg6 60. Qg3+ Kf7 61. Qc7+ Kg6 62. Qc6 Qb2 63. Qxe4+ Kg7 64. Qg4+ Kf7 65. Qd7+
Kg6 66. Qe8+ Kf5 67. Qh5+ Ke6 68. d5+ Kd7 69. Qxh7+ Ke8 70. Qg8+ Kd7 71. Qe6+
Kc7 72. Qc6+ 1-0

[Event "Russian Championship B13 2016"]
[Site "Loo"]
[Date "2016.04.22"]
[Round "3.15"]
[White "Pshmahov, Osman"]
[Black "Shadunts, Kirill"]
[Result "1-0"]
[WhiteElo "1878"]
[BlackElo "1715"]
[PlyCount "101"]
[EventDate "2016.04.20"]

1. e4 e6 2. d4 d5 3. Nc3 Bb4 4. e5 c5 5. a3 Bxc3+ 6. bxc3 Qa5 7. Bd2 Qa4 8. Nf3
Nc6 9. Bd3 cxd4 10. cxd4 Nxd4 11. Rb1 Nxf3+ 12. Qxf3 Qh4 13. Bb5+ Kf8 14. Rb4
Qe7 15. Rf4 a5 16. Be3 f6 17. exf6 Nxf6 18. O-O e5 19. Rh4 h5 20. h3 Be6 21. g4
hxg4 22. Rxh8+ Kf7 23. Be8+ Rxe8 24. Rxe8 gxf3 25. Rxe7+ Kxe7 26. Rb1 Bxh3 27.
Rxb7+ Bd7 28. Bg5 a4 29. Kh2 Ke6 30. Bxf6 gxf6 31. Kg3 Kd6 32. Kxf3 Bf5 33. Rb2
Kc5 34. Ke2 d4 35. Kd2 Bd7 36. Rb7 Be6 37. Ra7 Kb5 38. Rh7 f5 39. Re7 Bc8 40.
Rxe5+ Kc4 41. f4 Bd7 42. Ra5 Bb5 43. Ra7 Bc6 44. Re7 Be4 45. Re5 d3 46. cxd3+
Bxd3 47. Ra5 Bb1 48. Rxa4+ Kd5 49. Ke3 Bc2 50. Ra5+ Ke6 51. Kd4 1-0

[Event "Russian Championship B13 2016"]
[Site "Loo"]
[Date "2016.04.22"]
[Round "3.16"]
[White "Rustamov, Sezqin"]
[Black "Polyanskiy, Vladislav"]
[Result "1/2-1/2"]
[WhiteElo "1732"]
[BlackElo "1873"]
[PlyCount "97"]
[EventDate "2016.04.20"]

1. e4 e6 2. d4 d5 3. Nd2 dxe4 4. Nxe4 Nd7 5. Nf3 Ngf6 6. Nxf6+ Nxf6 7. Bd3 c5
8. dxc5 Bxc5 9. O-O O-O 10. Bg5 h6 11. Bh4 Be7 12. Bg3 Bd7 13. Ne5 Qb6 14. Nxd7
Nxd7 15. b3 Bf6 16. Rc1 Nc5 17. Bc4 Ne4 18. Qg4 Nxg3 19. Qxg3 Rfd8 20. Rcd1
Rxd1 21. Rxd1 Rd8 22. Rxd8+ Qxd8 23. Bd3 b6 24. Qf3 Qb8 25. g3 Kf8 26. Kf1 Ke7
27. Qe4 Kf8 28. Qb4+ Be7 29. Qe4 Bf6 30. Ke2 Qe5 31. Qxe5 Bxe5 32. Ba6 Bd4 33.
f3 Ke7 34. Kd3 Bg1 35. h3 Bf2 36. g4 Kd6 37. Ke4 g6 38. Bb5 f5+ 39. gxf5 exf5+
40. Kd3 Ke5 41. Be8 g5 42. c3 Kf4 43. Ke2 Bc5 44. b4 Bd6 45. Kf2 Be5 46. c4 Bd6
47. c5 bxc5 48. bxc5 Bxc5+ 49. Kg2 1/2-1/2

[Event "Russian Championship B13 2016"]
[Site "Loo"]
[Date "2016.04.22"]
[Round "3.17"]
[White "Shaykhaliev, Dzhokhar"]
[Black "Galichkin, Ilya"]
[Result "1-0"]
[WhiteElo "1710"]
[BlackElo "1866"]
[PlyCount "153"]
[EventDate "2016.04.20"]

1. e4 d6 2. d4 Nf6 3. Nc3 g6 4. f3 Bg7 5. Be3 c6 6. Qd2 Qa5 7. O-O-O b5 8. a3
Na6 9. g4 Rb8 10. e5 Ng8 11. exd6 Be6 12. Ne4 Qxd2+ 13. Rxd2 Nf6 14. Bd3 Nd5
15. Bf2 exd6 16. Ne2 Rd8 17. Bg3 Ke7 18. Kb1 Nac7 19. h4 h6 20. h5 g5 21. Bh2
Rhf8 22. N4g3 Ne3 23. Bg1 Ncd5 24. Nc3 Nc4 25. Nxd5+ Bxd5 26. Re2+ Kd7 27. Be4
Be6 28. Nf5 Rg8 29. Bh2 Bf8 30. Rhe1 Nb6 31. Ne3 a6 32. Bh7 Rh8 33. Bf5 a5 34.
Bxe6+ fxe6 35. Ng2 Re8 36. f4 Bg7 37. c3 Nc8 38. fxg5 hxg5 39. Bg1 Rhf8 40. Be3
Bf6 41. Bd2 Nb6 42. Ne3 Nc4 43. Nxc4 bxc4 44. Rh1 Rf7 45. Rf2 Ke7 46. Rhf1 Rg8
47. Kc2 a4 48. Rh1 Rh7 49. Be3 Rh6 50. Bc1 Rh7 51. Rhf1 Rh6 52. Rf3 Rg7 53.
R3f2 Rg8 54. Re2 Re8 55. Rf5 Rg8 56. Ra5 d5 57. Rxa4 Kd6 58. Ra7 Rf8 59. a4
Rhh8 60. Be3 Ra8 61. Rf7 Raf8 62. Rxf8 Rxf8 63. Bg1 Bd8 64. Rf2 Be7 65. Bh2+
Kd7 66. Rxf8 Bxf8 67. Be5 Bh6 68. b4 Kc8 69. Kb2 Kb7 70. Ka3 Kb6 71. a5+ Kb5
72. Bf6 Ka6 73. Ka4 Ka7 74. b5 cxb5+ 75. Kxb5 Kb7 76. a6+ Ka7 77. Be5 1-0

[Event "Russian Championship B13 2016"]
[Site "Loo"]
[Date "2016.04.22"]
[Round "3.18"]
[White "Mochalin, Faddey"]
[Black "Terzyan, Nazar"]
[Result "1-0"]
[WhiteElo "1866"]
[BlackElo "1708"]
[PlyCount "73"]
[EventDate "2016.04.20"]

1. d4 f5 2. c4 Nf6 3. Nf3 e6 4. g3 c6 5. Bg2 d5 6. O-O Bd6 7. b3 Qe7 8. Nbd2
O-O 9. Ne5 a5 10. Bb2 Bd7 11. f3 Be8 12. e4 dxe4 13. fxe4 Bxe5 14. dxe5 Ng4 15.
Qe2 Qc5+ 16. Kh1 Ne3 17. Ba3 Qxa3 18. Qxe3 Bg6 19. exf5 Bxf5 20. Be4 Bxe4+ 21.
Nxe4 Nd7 22. Ng5 Qe7 23. h4 h6 24. Nf3 Rf7 25. Rad1 Raf8 26. Kg2 Rf5 27. Qe4
Nc5 28. Qd4 Qf7 29. Qe3 Nd7 30. Rd3 Qe7 31. g4 Rf4 32. Kg3 h5 33. Qxf4 Rxf4 34.
Kxf4 Qf7+ 35. Kg3 Nxe5 36. Rd8+ Kh7 37. Ng5+ 1-0

[Event "Russian Championship B13 2016"]
[Site "Loo"]
[Date "2016.04.22"]
[Round "3.19"]
[White "Evseev, Andrew"]
[Black "Privalov, Igor"]
[Result "0-1"]
[WhiteElo "1682"]
[BlackElo "1864"]
[PlyCount "74"]
[EventDate "2016.04.20"]

1. e4 c5 2. Nf3 Nc6 3. Bb5 g6 4. Bxc6 dxc6 5. d3 Bg7 6. c4 e5 7. b3 Ne7 8. Ng5
f6 9. Nf3 O-O 10. O-O Bg4 11. h3 Bxf3 12. Qxf3 Qd4 13. Qe2 Rad8 14. Be3 Qd6 15.
Rd1 f5 16. f3 f4 17. Bf2 g5 18. Nc3 h5 19. a3 g4 20. fxg4 f3 21. gxf3 Ng6 22.
Na4 b6 23. Bg3 h4 24. Bh2 Bh6 25. Qf2 Qf6 26. Nb2 Bf4 27. Bxf4 Nxf4 28. Kh2 Ne6
29. g5 Qf4+ 30. Kh1 Qxf3+ 31. Qxf3 Rxf3 32. Rg1 Rxh3+ 33. Kg2 Nf4+ 34. Kf1 Rf8
35. Ke1 Rh2 36. Na4 Nxd3+ 37. Kd1 Rff2 0-1

[Event "Russian Championship B13 2016"]
[Site "Loo"]
[Date "2016.04.22"]
[Round "3.20"]
[White "Esipenko, Aleksandr"]
[Black "Gaglazov, Mikhail"]
[Result "1-0"]
[WhiteElo "1846"]
[BlackElo "1562"]
[PlyCount "91"]
[EventDate "2016.04.20"]

1. e4 e6 2. Nc3 d5 3. g3 Nf6 4. Bg2 Be7 5. d3 O-O 6. f4 c5 7. Nf3 dxe4 8. Nxe4
Nxe4 9. dxe4 Qxd1+ 10. Kxd1 Nc6 11. c3 b6 12. Kc2 Bb7 13. Be3 f6 14. Rad1 Rad8
15. Bh3 Nd4+ 16. Nxd4 Bxe4+ 17. Kc1 cxd4 18. Bxe6+ Kh8 19. Bxd4 Bxh1 20. Rxh1
Bc5 21. Bxc5 bxc5 22. Kc2 Rfe8 23. f5 g6 24. g4 h5 25. h3 hxg4 26. hxg4+ Kg7
27. Rh2 Rh8 28. Rg2 Rh4 29. fxg6 Kxg6 30. Bf5+ Kg5 31. b4 cxb4 32. cxb4 Rd4 33.
Kc3 Rf4 34. Rg3 Rf2 35. a4 Kf4 36. Rd3 Rf3 37. Rxf3+ Kxf3 38. b5 Rxg4 39. Bxg4+
Kxg4 40. a5 f5 41. b6 axb6 42. axb6 f4 43. b7 f3 44. b8=Q f2 45. Qb1 Kg3 46.
Qf1 1-0

[Event "Russian Championship B13 2016"]
[Site "Loo"]
[Date "2016.04.22"]
[Round "3.21"]
[White "Erokhin, Artem"]
[Black "Rubtsov, Aleksandr"]
[Result "1-0"]
[WhiteElo "1655"]
[BlackElo "1834"]
[PlyCount "51"]
[EventDate "2016.04.20"]

1. e4 c5 2. c3 d5 3. exd5 Qxd5 4. d4 Nc6 5. Nf3 Bf5 6. Be3 Nf6 7. c4 Qd7 8. d5
Nb4 9. Na3 e6 10. Ne5 Qc7 11. Qa4+ Nd7 12. Bf4 exd5 13. Ng6 Qb6 14. Nxh8 O-O-O
15. Nb5 a6 16. Nxf7 Qe6+ 17. Kd2 b6 18. Na7+ Kb7 19. Nxd8+ Kxa7 20. Nxe6 Bxe6
21. a3 a5 22. axb4 cxb4 23. cxd5 Nc5 24. Qc6 Nb3+ 25. Ke1 Nxa1 26. Qc7+ 1-0

[Event "Russian Championship B13 2016"]
[Site "Loo"]
[Date "2016.04.22"]
[Round "3.23"]
[White "Gafarov, Damir"]
[Black "Zhakamukhov, Eduard"]
[Result "0-1"]
[WhiteElo "1597"]
[BlackElo "1794"]
[PlyCount "102"]
[EventDate "2016.04.20"]

1. e4 c5 2. Nf3 d6 3. d4 cxd4 4. Nxd4 Nf6 5. Nc3 a6 6. Be2 e5 7. Nb3 Be6 8. Be3
Be7 9. O-O Nbd7 10. f4 O-O 11. f5 Bxb3 12. axb3 Nc5 13. Bf3 Qc7 14. g4 Qc6 15.
Qe1 Rad8 16. g5 Nfxe4 17. b4 d5 18. bxc5 Nxg5 19. Bxg5 Bxg5 20. Kh1 e4 21. Bg2
Qxc5 22. Rd1 b5 23. Qe2 Bf6 24. Qd2 Bxc3 25. bxc3 f6 26. Ra1 Rd6 27. Rfd1 Rfd8
28. Rg1 Kh8 29. Bf1 R8d7 30. Rg3 Qc8 31. Be2 Re7 32. Qf4 Re5 33. Rag1 Rd7 34.
Rh3 Rc7 35. Bh5 Rxc3 36. Qg4 Re7 37. Rxc3 Qxc3 38. Qf4 Qc7 39. Qd2 Re5 40. Qb4
Qd8 41. Qc5 Rxf5 42. Qa7 Qf8 43. Bg4 Re5 44. Qxa6 h5 45. Be2 b4 46. Rb1 Qc5 47.
Qa4 Qf2 48. Bxh5 Rg5 49. Bg4 f5 50. Qe8+ Kh7 51. Qf7 e3 0-1

[Event "Russian Championship B13 2016"]
[Site "Loo"]
[Date "2016.04.22"]
[Round "3.24"]
[White "Kazmin, Semen"]
[Black "Averyanov, Grigori"]
[Result "1-0"]
[WhiteElo "1942"]
[BlackElo "1716"]
[PlyCount "101"]
[EventDate "2016.04.20"]

1. e4 c5 2. Nf3 d6 3. d4 cxd4 4. Nxd4 Nf6 5. Nc3 a6 6. h3 e5 7. Nde2 h6 8. g4
Be7 9. Bg2 Be6 10. O-O Nc6 11. Be3 Na5 12. b3 b5 13. Qd2 Rc8 14. Nd5 Nxd5 15.
exd5 Bd7 16. Ng3 Bg5 17. Bxg5 hxg5 18. Ne4 Nb7 19. Nxg5 Qa5 20. b4 Qc7 21. Rac1
Qc3 22. Qxc3 Rxc3 23. Ne4 Rc4 24. c3 f5 25. Nd2 Rc7 26. gxf5 Bxf5 27. Kh2 g5
28. Kg3 Kf7 29. Rh1 Rhc8 30. c4 a5 31. a3 axb4 32. axb4 bxc4 33. Rc3 Ke7 34.
Rhc1 Ra8 35. Rxc4 Ra3+ 36. Kh2 Rxc4 37. Rxc4 Kd7 38. Ne4 Bxe4 39. Bxe4 Nd8 40.
Bf5+ Ke8 41. Kg2 Rb3 42. f3 Ke7 43. Bg4 Kf6 44. Bh5 Nf7 45. Rc7 Nh6 46. Rh7
Rb2+ 47. Kf1 Rb1+ 48. Ke2 Rb2+ 49. Kd3 e4+ 50. fxe4 Ng8 51. Rf7+ 1-0

[Event "Russian Championship B13 2016"]
[Site "Loo"]
[Date "2016.04.22"]
[Round "3.25"]
[White "Kozubov, Mikhail"]
[Black "Makhlin, Miron"]
[Result "1-0"]
[WhiteElo "1687"]
[BlackElo "1788"]
[PlyCount "115"]
[EventDate "2016.04.20"]

1. c4 c5 2. Nc3 Nc6 3. d3 g6 4. e4 Bg7 5. g3 e6 6. Bg2 Nge7 7. Nge2 O-O 8. O-O
a6 9. a3 b6 10. Qc2 Bb7 11. Be3 Nd4 12. Bxd4 cxd4 13. Na2 d5 14. exd5 exd5 15.
b3 Qd7 16. Rad1 Rac8 17. Qb2 b5 18. cxb5 axb5 19. Nb4 Rfe8 20. Rfe1 g5 21. Rc1
Ng6 22. Rxc8 Rxc8 23. Rc1 Re8 24. Qd2 Qe7 25. Kf1 h6 26. Re1 f5 27. Nc2 Qc5 28.
b4 Qb6 29. Rc1 Be5 30. f4 gxf4 31. gxf4 Bf6 32. Ng3 Qd6 33. Nh5 Bh8 34. Kg1 Kh7
35. Rf1 Rg8 36. Ng3 Qd7 37. Qf2 Nh4 38. Bh3 Ba8 39. Nxd4 Bxd4 40. Qxd4 Rg7 41.
Qf6 Qe7 42. Qxe7 Rxe7 43. Bxf5+ Kg7 44. d4 Kf6 45. Bc2 Bc6 46. Kf2 Rc7 47. Bb1
Bd7 48. Nh5+ Kf7 49. Rg1 Rc3 50. Rg7+ Ke6 51. Rg3 Rc1 52. Re3+ Kf7 53. Bd3 Rc3
54. Be2 Rc2 55. Ng3 Nf5 56. Nxf5 Bxf5 57. Ke1 Bd7 58. Bh5+ {
далее запись неразбор~~ива} 1-0

[Event "Russian Championship B13 2016"]
[Site "Loo"]
[Date "2016.04.22"]
[Round "3.26"]
[White "Goren, Aleksandr"]
[Black "Pestryakov, Nikita"]
[Result "1/2-1/2"]
[WhiteElo "1777"]
[BlackElo "1659"]
[PlyCount "94"]
[EventDate "2016.04.20"]

1. e4 c6 2. d4 d5 3. Nc3 dxe4 4. Nxe4 Bf5 5. Ng3 Bg6 6. Nf3 Nd7 7. Bd3 Ngf6 8.
h4 Bxd3 9. Qxd3 e6 10. Bg5 Be7 11. O-O h6 12. Bxf6 Bxf6 13. Qe4 O-O 14. Nh5 Qb6
15. Rab1 Qa5 16. Qg4 Qxa2 17. Ne5 Bxe5 18. dxe5 g6 19. Rfe1 Kh7 20. Qe4 Qd5 21.
Ng3 Qxe4 22. Nxe4 Nxe5 23. Nd6 Nd7 24. Nxb7 Rab8 25. Na5 c5 26. Rbd1 Nf6 27. b3
a6 28. Nc6 Rbc8 29. Ne5 Kg7 30. Rd6 Nd5 31. Nc4 Rfd8 32. Rxd8 Rxd8 33. Ra1 Nb4
34. Ne3 Rd2 35. Ra5 Nxc2 36. Ra2 Nxe3 37. Rxd2 Nf5 38. g3 Nd4 39. Rd3 Nc6 40.
Rc3 Nd4 41. Rxc5 Nxb3 42. Rc3 Nd4 43. Ra3 Nc6 44. Rxa6 Nb4 45. Ra4 Nd5 46. Kg2
Kf6 47. f4 h5 1/2-1/2

[Event "Russian Championship B13 2016"]
[Site "Loo"]
[Date "2016.04.22"]
[Round "3.27"]
[White "Poznyak, Nazar"]
[Black "Reva, Lev"]
[Result "1-0"]
[WhiteElo "1762"]
[BlackElo "1495"]
[PlyCount "63"]
[EventDate "2016.04.20"]

1. e4 g6 2. d4 Bg7 3. Nc3 d6 4. Nge2 Nf6 5. g3 O-O 6. Bg2 Bg4 7. h3 Bxe2 8.
Nxe2 c6 9. a4 a5 10. O-O Nbd7 11. Be3 Qc7 12. Qd2 Rfe8 13. Rae1 Rad8 14. f4 e6
15. Nc3 Nb6 16. b3 Nfd7 17. f5 exf5 18. exf5 c5 19. Nb5 Qb8 20. Qxa5 cxd4 21.
Bxd4 Bxd4+ 22. Nxd4 d5 23. Kh2 Rxe1 24. Rxe1 h5 25. fxg6 fxg6 26. h4 Nf6 27.
Qxb6 Ng4+ 28. Kg1 Rd6 29. Qb5 Kh7 30. Re7+ Kh6 31. Qe8 Qxe8 32. Rxe8 1-0

[Event "Russian Championship B13 2016"]
[Site "Loo"]
[Date "2016.04.22"]
[Round "3.29"]
[White "Sabirov, Timur"]
[Black "Butorov, Lev"]
[Result "1-0"]
[WhiteElo "1781"]
[BlackElo "1571"]
[PlyCount "63"]
[EventDate "2016.04.20"]

1. e4 e5 2. Nf3 Nf6 3. Nxe5 d6 4. Nf3 Nxe4 5. Nc3 Nxc3 6. dxc3 Bg4 7. h3 Bh5 8.
Be2 Be7 9. O-O O-O 10. Qd5 Bxf3 11. Qxf3 c6 12. Bf4 Nd7 13. Rad1 d5 14. c4 Nb6
15. cxd5 cxd5 16. c4 Bf6 17. Rd2 Bg5 18. cxd5 Qf6 19. Bxg5 Qxg5 20. Rfd1 Rfd8
21. d6 Rab8 22. d7 Qe7 23. Bb5 a6 24. Re2 Qf8 25. Re8 axb5 26. Rxf8+ Kxf8 27.
Qg3 Nxd7 28. Rxd7 Rxd7 29. Qxb8+ Ke7 30. Qe5+ Kf8 31. Qxb5 Ke8 32. a4 1-0

[Event "Russian Championship B13 2016"]
[Site "Loo"]
[Date "2016.04.22"]
[Round "3.30"]
[White "Zheleznov, Daniil"]
[Black "Subatovich, Daniil"]
[Result "1-0"]
[WhiteElo "1567"]
[BlackElo "1763"]
[PlyCount "141"]
[EventDate "2016.04.20"]

1. d4 d5 2. Nf3 Nf6 3. Bf4 c5 4. dxc5 e6 5. e3 Bxc5 6. c3 O-O 7. Be2 Nc6 8. O-O
Qe7 9. Nbd2 e5 10. Bg5 Rd8 11. Qc2 h6 12. Bh4 g5 13. Bg3 Bg4 14. Rfe1 Rac8 15.
Qd1 Bf5 16. h4 g4 17. Nh2 Qe6 18. Nb3 Bb6 19. Nf1 Ne4 20. Nbd2 Nf6 21. Nb3 h5
22. Bd3 Bxd3 23. Qxd3 Ne4 24. Nbd2 Nc5 25. Qe2 e4 26. Nb3 Nd3 27. Red1 Qf6 28.
Nd4 Bxd4 29. exd4 Ne7 30. Ne3 Qg6 31. Qd2 f5 32. Nf1 Qf6 33. Be5 Nxe5 34. dxe5
Qxe5 35. Qg5+ Qg7 36. Qxh5 Qg6 37. Qxg6+ Nxg6 38. g3 Kf7 39. Ne3 Ke6 40. Kg2
Ne5 41. Nc2 Nd3 42. Rab1 Ke5 43. Nd4 Rh8 44. Kh2 Rcf8 45. f4+ Kf6 46. Rf1 a6
47. Kg2 Re8 48. Rfd1 Re7 49. Rd2 Nxf4+ 50. gxf4 Rxh4 51. Rh1 Rxh1 52. Kxh1 Rh7+
53. Rh2 Rxh2+ 54. Kxh2 Kg6 55. Kg3 Kf6 56. b4 Kg6 57. a4 a5 58. b5 Kf6 59. Nc6
e3 60. Nxa5 d4 61. cxd4 Ke6 62. Nc4 e2 63. Kf2 Kd5 64. Nd2 Kxd4 65. Kxe2 Kc5
66. Nb3+ Kb4 67. b6 Kxa4 68. Nc5+ Kb5 69. Nxb7 Kxb6 70. Nd6 Kc5 71. Nxf5 1-0

[Event "Russian Championship B13 2016"]
[Site "Loo"]
[Date "2016.04.22"]
[Round "3.31"]
[White "Kulik, Artur"]
[Black "Egorov, Georgiy"]
[Result "1-0"]
[WhiteElo "1739"]
[BlackElo "1557"]
[PlyCount "72"]
[EventDate "2016.04.20"]

1. d4 d5 2. Nf3 Nf6 3. g3 Bf5 4. Bg2 e6 5. O-O Bd6 6. c4 c6 7. Qb3 Qb6 8. c5
Qxb3 9. axb3 Bc7 10. Nc3 O-O 11. b4 Ne4 12. Nd2 Nxc3 13. bxc3 Nd7 14. f3 Bg6
15. e4 h6 16. c4 Nf6 17. cxd5 cxd5 18. Bb2 Rfe8 19. b5 e5 20. dxe5 Bxe5 21.
Bxe5 Rxe5 22. f4 Ree8 23. exd5 Bd3 24. Rfe1 Bxb5 25. d6 Bc6 26. Bxc6 bxc6 27.
Rxe8+ Nxe8 28. Nc4 Nf6 29. Nb6 Rd8 30. Rxa7 Ne4 31. Ra5 Nxc5 32. Rxc5 Rxd6 33.
Rc2 c5 34. Nc8 Kh7 35. Nxd6 Kg6 36. Rxc5 f6 1-0

[Event "Russian Championship B13 2016"]
[Site "Loo"]
[Date "2016.04.22"]
[Round "3.33"]
[White "Donets, Nikolai"]
[Black "Boyko, Aleksandr"]
[Result "0-1"]
[WhiteElo "1295"]
[BlackElo "1635"]
[PlyCount "120"]
[EventDate "2016.04.20"]

1. e4 c5 2. Nf3 e6 3. d4 cxd4 4. Nxd4 Nf6 5. Nc3 d6 6. Bc4 Be7 7. Be3 a6 8. Qe2
O-O 9. O-O b5 10. Bd3 Bb7 11. Bd2 Nbd7 12. Nf3 Qc7 13. a3 Rfe8 14. Rfe1 Rad8
15. Rad1 Nc5 16. e5 dxe5 17. Nxe5 Nxd3 18. Nxd3 Qc6 19. Qf1 Bd6 20. Bf4 Bxf4
21. Nxf4 Qc7 22. Nd3 Nd5 23. Nxd5 Bxd5 24. Nb4 Bc4 25. Nd3 Rd6 26. b3 Bxd3 27.
Rxd3 Rxd3 28. Qxd3 Rd8 29. Qe2 Qd7 30. f3 h6 31. c4 Qd4+ 32. Qe3 bxc4 33. bxc4
Qxc4 34. Rc1 Qd4 35. Qxd4 Rxd4 36. Rc6 Ra4 37. Rc3 Kf8 38. Kf2 Ke7 39. Ke3 Kd6
40. Kd3 f6 41. g3 e5 42. Kc2 a5 43. h4 f5 44. Kb3 Rd4 45. Rc4 Rd3+ 46. Rc3
Rxc3+ 47. Kxc3 Kc5 48. h5 Kb5 49. g4 fxg4 50. fxg4 Ka4 51. Kd3 Kxa3 52. Ke4 Kb3
53. Kxe5 a4 54. Ke6 a3 55. Kf7 a2 56. Kxg7 a1=Q+ 57. Kxh6 Kc4 58. g5 Kd5 59. g6
Ke6 60. g7 Kf7 0-1

[Event "Russian Championship B15 1st league 2016"]
[Site "Loo"]
[Date "2016.04.22"]
[Round "3.1"]
[White "Poliakov, Artem"]
[Black "Permin, Viktor"]
[Result "0-1"]
[WhiteElo "2168"]
[BlackElo "1930"]
[PlyCount "192"]
[EventDate "2016.04.20"]

1. c4 e5 2. Nc3 Nf6 3. g3 d5 4. cxd5 Nxd5 5. Bg2 Nb6 6. e3 Be7 7. Nge2 O-O 8.
O-O c5 9. f4 exf4 10. Nxf4 Nc6 11. b3 Bf6 12. Bb2 Be6 13. d3 Qe7 14. Qe2 Rad8
15. Rad1 Rfe8 16. Nh5 Be5 17. Bxc6 bxc6 18. d4 cxd4 19. exd4 Bxd4+ 20. Rxd4
Rxd4 21. Qe5 Rg4 22. Ne4 Nd7 23. Qc3 f6 24. Nhxf6+ Nxf6 25. Nxf6+ gxf6 26. Rxf6
Bd5 27. Re6 Qxe6 28. Qh8+ Kf7 29. Qxh7+ Kf8 30. Ba3+ Re7 31. Bxe7+ Qxe7 32.
Qf5+ Ke8 33. Qc8+ Kf7 34. Qf5+ Qf6 35. Qd7+ Kf8 36. Qc8+ Ke7 37. Qc7+ Ke6 38.
Qc8+ Kd6 39. Qb8+ Kd7 40. Qb7+ Ke8 41. Qb8+ Kd7 42. Qb7+ Kd8 43. Qb8+ Ke7 44.
Qc7+ Kf8 45. Qc8+ Kf7 46. Qd7+ Kg6 47. Qxg4+ Qg5 48. Qe2 Qc1+ 49. Kf2 Qc5+ 50.
Kf1 Qb5 51. Qxb5 cxb5 52. Ke2 Kf5 53. Kd3 Ke5 54. h4 a5 55. Kc3 b4+ 56. Kd3 Be6
57. h5 Kd5 58. h6 Bf5+ 59. Ke3 Ke5 60. g4 Bb1 61. g5 Bg6 62. Kf3 Bh7 63. Kg4
Ke4 64. Kg3 Bf5 65. Kh4 Bg6 66. Kg3 Kd5 67. Kf3 Ke5 68. Kg4 Kd5 69. Kf3 Kd4 70.
Kf4 Bh7 71. Kg4 Ke5 72. Kf3 Bf5 73. Kg3 Ke4 74. Kh4 Bg6 75. Kg3 Kd3 76. Kf3 Kd4
77. Kg3 Kd5 78. Kf4 Kd4 79. Kf3 Kd5 80. Ke3 Bh7 81. Kf3 Ke5 82. Kg3 Kf5 83. Kf3
Bg6 84. Ke3 Ke5 85. Kf3 Bb1 86. Kg4 Ke6 87. g6 Bxg6 88. Kf4 Bh7 89. Ke3 Kd5 90.
Kf4 Kd4 91. Kf3 Kc3 92. Ke3 Bd3 93. Kf4 Kb2 94. Ke3 Bg6 95. Kd4 Kxa2 96. Kc4
Ka3 0-1

[Event "Russian Championship B15 1st league 2016"]
[Site "Loo"]
[Date "2016.04.22"]
[Round "3.2"]
[White "Gabdrakhmanov, Azat"]
[Black "Odegov, Artem"]
[Result "0-1"]
[WhiteElo "1904"]
[BlackElo "2063"]
[PlyCount "108"]
[EventDate "2016.04.20"]

1. e4 c5 2. Nf3 Nc6 3. d4 cxd4 4. Nxd4 Nf6 5. Nc3 e6 6. Nxc6 bxc6 7. Bd3 Bb4 8.
O-O O-O 9. e5 Ne8 10. Ne4 f5 11. Ng5 h6 12. Nf3 Qe7 13. c3 Bc5 14. b4 Bb6 15.
a4 a6 16. Ba3 c5 17. Rb1 Nc7 18. Bc4 Ne8 19. Qe2 cxb4 20. Bxb4 Bc5 21. Nd4 Bxb4
22. Rxb4 Nc7 23. Rfb1 Kh7 24. Qd3 a5 25. Rb6 Qc5 26. Nf3 Re8 27. h4 g6 28. Rd6
Re7 29. h5 gxh5 30. Rdb6 Rg7 31. Qd4 Qxd4 32. Nxd4 Ba6 33. Bxa6 Nxa6 34. Nb3
Nc7 35. Kh2 Nd5 36. Rb7 Rag8 37. g3 h4 38. Nxa5 hxg3+ 39. fxg3 f4 40. c4 fxg3+
41. Kg1 Nf4 42. Rd1 g2 43. Rbxd7 Ne2+ 44. Kf2 g1=Q+ 45. Rxg1 Nxg1 46. Rxg7+
Rxg7 47. c5 Nh3+ 48. Ke3 Ra7 49. Nc4 Rxa4 50. Kd4 Ng5 51. Kc3 Ne4+ 52. Kd4
Rxc4+ 53. Kxc4 Nxc5 54. Kxc5 Kg6 0-1

[Event "Russian Championship B15 1st league 2016"]
[Site "Loo"]
[Date "2016.04.22"]
[Round "3.3"]
[White "Badalian, Daniel"]
[Black "Avalyan, Artur"]
[Result "1/2-1/2"]
[WhiteElo "1898"]
[BlackElo "2021"]
[PlyCount "168"]
[EventDate "2016.04.20"]

1. e4 c5 2. Nf3 Nc6 3. d4 cxd4 4. Nxd4 g6 5. Nc3 Bg7 6. Be3 Nf6 7. Nxc6 bxc6 8.
e5 Ng8 9. Bd4 Qa5 10. f4 f6 11. Bc4 e6 12. O-O f5 13. a3 Ne7 14. b4 Qd8 15. Na4
Kf7 16. Be2 d6 17. exd6 Qxd6 18. Bxg7 Qxd1 19. Raxd1 Kxg7 20. Rd6 Kf6 21. Nc5
a5 22. Bf3 axb4 23. axb4 Nd5 24. Rxc6 Nxb4 25. Rb6 Ra5 26. Nxe6 Bxe6 27. Re1
Nxc2 28. Rbxe6+ Kf7 29. Re7+ Kf8 30. Re8+ Kf7 31. R1e7+ Kf6 32. Re6+ Kf7 33.
R8e7+ Kf8 34. Rc7 Nd4 35. Rb6 Nxf3+ 36. Kf2 Ra8 37. Kxf3 Ra3+ 38. Ke2 Ra8 39.
Rbb7 Rd8 40. Ke3 Ra8 41. Kd4 Ra4+ 42. Kd5 Ra5+ 43. Ke6 Ra6+ 44. Ke5 Ra5+ 45.
Kf6 Ra6+ 46. Ke5 Ra5+ 47. Kd6 Ra6+ 48. Kc5 Ra5+ 49. Kb6 Ra8 50. Rc6 Rd8 51. Ka7
Re8 52. Rf6+ Kg8 53. h4 Rf8 54. Rc6 Rf7 55. Rc8+ Rf8 56. Rcc7 Rd8 57. h5 gxh5
58. Rb5 h6 59. Rbb7 h4 60. Rg7+ Kf8 61. Rbf7+ Ke8 62. Kb6 Rd6+ 63. Kc5 Re6 64.
Rxf5 Rf8 65. Rxf8+ Kxf8 66. Rg4 h5 67. Rxh4 Rg6 68. Kd5 Rxg2 69. Rxh5 Rg6 70.
Rh7 Ra6 71. Ke5 Rb6 72. Kf5 Rb5+ 73. Kg4 Kg8 74. Ra7 Kf8 75. Rc7 Ra5 76. f5 Ra6
77. Kg5 Rb6 78. Rh7 Ra6 79. Rh4 Kf7 80. Rd4 Rb6 81. Rd5 Ra6 82. f6 Rxf6 83.
Rd7+ Ke8 84. Kxf6 Kxd7 1/2-1/2

[Event "Russian Championship B15 1st league 2016"]
[Site "Loo"]
[Date "2016.04.22"]
[Round "3.4"]
[White "Chizho, Aleksandr"]
[Black "Slugin, Yaroslav"]
[Result "1-0"]
[WhiteElo "1893"]
[BlackElo "1989"]
[PlyCount "87"]
[EventDate "2016.04.20"]

1. d4 b5 2. e4 a6 3. Bd3 Bb7 4. Bg5 h6 5. Bh4 d6 6. Nd2 Nd7 7. Ngf3 c5 8. c3
Qb6 9. d5 Ngf6 10. c4 g6 11. Qe2 b4 12. e5 dxe5 13. Bg3 Bg7 14. Nxe5 Nxe5 15.
Bxe5 O-O 16. O-O Rad8 17. f4 Nxd5 18. Bxg7 Kxg7 19. f5 Nf6 20. Nf3 g5 21. h4 g4
22. Ne5 Qd6 23. Rf4 h5 24. Raf1 Rfe8 25. Qe3 Nh7 26. Rd1 Nf6 27. Bc2 Qc7 28.
Rdf1 Rd6 29. R4f2 Nh7 30. Nd3 Rc8 31. Nf4 Rh6 32. Nd3 Qd6 33. Re2 e6 34. f6+
Nxf6 35. Nf2 Qc6 36. Nh1 Ng8 37. Qg5+ Kf8 38. Ng3 Qd6 39. Nxh5 Qd4+ 40. Kh1 Qh8
41. Bg6 f5 42. Rxe6 Be4 43. Rxe4 Rc6 44. Rxf5+ 1-0

[Event "Russian Championship B15 1st league 2016"]
[Site "Loo"]
[Date "2016.04.22"]
[Round "3.5"]
[White "Rogotskiy, Yuriy"]
[Black "Zhafyarov, Adel"]
[Result "1-0"]
[WhiteElo "1967"]
[BlackElo "1899"]
[PlyCount "67"]
[EventDate "2016.04.20"]

1. d4 d5 2. c4 e6 3. Nc3 Nf6 4. cxd5 exd5 5. Bg5 Nbd7 6. e3 c6 7. Bd3 Be7 8.
Nge2 O-O 9. O-O Re8 10. f3 Nf8 11. Qc2 Be6 12. Rae1 Rc8 13. e4 a6 14. e5 N6d7
15. Bxe7 Qxe7 16. f4 g6 17. f5 gxf5 18. Bxf5 c5 19. Qd3 cxd4 20. Nxd4 Qh4 21.
Re3 Rc4 22. Rg3+ Kh8 23. Nf3 Qe7 24. Rh3 Nc5 25. Qb1 d4 26. Bxe6 Ncxe6 27. Ne4
Rd8 28. Qd3 b5 29. Nf6 Qxf6 30. exf6 Nf4 31. Qf5 Nxh3+ 32. Qxh3 Rc5 33. Re1 Ne6
34. Qh6 1-0